Το κράτος ως κάτοχος του μονοπωλίου της νόμιμης χρήσης της φυσική βίας : πτυχιακή εργασία
Saved in:
| Main Author: | |
|---|---|
| Corporate Author: | |
| Other Authors: | |
| Format: | Thesis Book |
| Language: | Greek |
| Published: |
[2010]
|
| Subjects: | |
| Online Access: | http://hdl.handle.net/11610/7653 |
| Tags: |
Add Tag
No Tags, Be the first to tag this record!
|
MARC
| LEADER | 00000cam a2200000 i 4500 | ||
|---|---|---|---|
| 001 | 1/8733 | ||
| 008 | 100628s2010 gre d | ||
| 035 | |l 10108371 | ||
| 040 | |a GR-MY-UA |b gre |e aacr | ||
| 041 | 0 | |a gre | |
| 082 | 0 | |a 303.69 |2 (22) | |
| 100 | 1 | |a Απορέλλη, Αλίκη. | |
| 245 | 1 | 3 | |a Το κράτος ως κάτοχος του μονοπωλίου της νόμιμης χρήσης της φυσική βίας : |b πτυχιακή εργασία / |c Αλίκη Απορέλλη ; επιβλέπων καθηγητής: Μανούσος Μαραγκουδάκης |
| 260 | |c [2010] | ||
| 300 | |a 73 σ.; |c 30 εκ. | ||
| 500 | |a Βιβλιογραφία: σ. 71-73 | ||
| 502 | |a Πτυχιακή εργασία – Πανεπιστήμιο Αιγαίου, Λέσβος, 2010. | ||
| 650 | 0 | 0 | |a Violence |x Social aspects. |
| 650 | 0 | 0 | |a Political violence. |
| 650 | 0 | 0 | |a Power (Social sciences) |
| 650 | 0 | 0 | |a State, The. |
| 650 | 0 | 0 | |a Dissertations, Academic |z Greece. |
| 700 | 1 | |4 ths |a Μαραγκουδάκης, Μανούσος Ε. | |
| 710 | 2 | |a Πανεπιστήμιο Αιγαίου |b Σχολή Κοινωνικών Επιστημών |b Τμήμα Κοινωνιολογίας. | |
| 852 | |a INST |b LESVOS |c DIATR |e 20100628 |h 375 |p 005100048292 |q 005100048292 |t DIE |y 23 | ||
| 852 | |a INST |b LESVOS |c DIATR |e 20100628 |h 376 |p 005100048293 |q 005100048293 |t DIE |y 23 | ||
| 856 | |u http://hdl.handle.net/11610/7653 | ||
| 901 | |a BIBL1-2010-2 | ||
| 909 | |a Λ |b 164896 | ||
| 909 | |a Λ |b 164897 | ||
| 924 | |a ΑΠΟΡΕΛΗ |b ΑΛΙΚΗ |y ΛΕΣΒΟΣ |z 2010-06 | ||
| 970 | |a ΤΖΑΦΕΡΗ |b ΕΥΑΓΓΕΛΙΑ |z 2010/06/28 | ||